000 00575nam a2200205 a 4500
001 000012039
005 20200929162652.0
008 091103s1998 ck 000 f spa d
020 _a9588061016
040 _aDO-SdBNP
_bspa
_cBNPHU
082 _aV863.44
_bB862p
100 1 _aBritto García, Luis,
_d1940-
_928478
245 1 0 _aPirata /
_cLuis Britto García.
260 _aSantafé de Bogotá :
_bAguilar,
_c1998.
300 _a461 p. ;
_c21 cm.
650 4 _aNovela venezolana
_93962
650 4 _aLiteratura venezolana
_ySIGLO XX
_99777
910 _aWM
049 _aBNGR
999 _c11707
_d11707